[Event "PRO League Eastern 2017"]
[Site "chess.com INT"]
[Date "2017.02.01"]
[Round "4"]
[White "Shaposhnikov, Evgeny"]
[Black "Tari, Aryan"]
[Result "1-0"]
[WhiteTitle "GM"]
[BlackTitle "GM"]
[WhiteElo "2557"]
[BlackElo "2584"]
[WhiteTeam "Gorky Stormbringers"]
[BlackTeam "Norway Gnomes"]
[WhiteFideId "4122232"]
[BlackFideId "1510045"]
[EventDate "2017.01.11"]

1. e4 c6 2. d4 d5 3. Nd2 dxe4 4. Nxe4 Bf5 5. Nc5 e5 6. Nxb7 Qb6 7. Nc5 exd4 8.
Nb3 Bb4+ 9. Bd2 Nf6 10. Bxb4 Qxb4+ 11. Qd2 Qxd2+ 12. Kxd2 O-O 13. Bd3 Ne4+ 14.
Bxe4 Bxe4 15. f3 Bg6 16. Ne2 Rd8 17. Nf4 Nd7 18. Na5 Nb6 19. b3 c5 20. Rhe1 Rac8
21. Nb7 Rf8 22. a4 c4 23. a5 cxb3 24. cxb3 Nd7 25. Nxg6 hxg6 26. Re7 Nf6 27. Nd6
Rc6 28. Nc4 Rb8 29. Rxa7 Rxb3 30. Ra3 Rb4 31. Ra8+ Kh7 32. Ne5 Rb2+ 33. Kd3 Rc5
34. Nxf7 g5 35. a6 Rcc2 36. Rh8+ Kg6 37. Ne5+ Kf5 38. Nc4 Ra2 39. a7 Rd2+ 40.
Nxd2 Rxa3+ 41. Kxd4 Rxa7 42. Rc8 Rd7+ 43. Ke3 g4 44. Ne4 gxf3 45. gxf3 Re7 46.
Rc5+ Kg6 47. Rg5+ Kh6 48. Rb5 Ra7 49. h4 Ra1 50. Ng3 Rg1 51. Rg5 Re1+ 52. Kf2
Ra1 53. Nf5+ Kh7 54. Rxg7+ Kh8 55. Rg6 Nd5 56. Rd6 Nf4 57. Kg3 Ne2+ 58. Kg4 Rg1+
59. Kh5 Nf4+ 60. Kh6 Rg8 61. Ne7 Rf8 62. h5 Rf7 63. Rd8+ 1-0

[Event "PRO League Eastern 2017"]
[Site "chess.com INT"]
[Date "2017.02.01"]
[Round "4"]
[White "Shaposhnikov, Evgeny"]
[Black "Romanov, Evgeny"]
[Result "1/2-1/2"]
[WhiteTitle "GM"]
[BlackTitle "GM"]
[WhiteElo "2557"]
[BlackElo "2644"]
[WhiteTeam "Gorky Stormbringers"]
[BlackTeam "Norway Gnomes"]
[WhiteFideId "4122232"]
[BlackFideId "4148843"]
[EventDate "2017.01.11"]

1. Nf3 Nf6 2. c4 b6 3. g3 Bb7 4. Bg2 g6 5. O-O Bg7 6. b3 O-O 7. Bb2 c5 8. e3 Nc6
9. d4 cxd4 10. Nxd4 Qc8 11. Nc3 Nxd4 12. Qxd4 Bxg2 13. Kxg2 Qb7+ 14. f3 d6 15.
e4 a6 16. Nd5 b5 17. Rac1 Rfc8 18. Qb6 Qd7 19. Nxf6+ Bxf6 20. Bxf6 exf6 21. Rfd1
Rc6 22. Qd4 Qe6 23. cxb5 Rxc1 24. Rxc1 axb5 25. Rc2 f5 26. exf5 Qxf5 27. Rd2 Qe5 1/2-1/2

[Event "PRO League Eastern 2017"]
[Site "chess.com INT"]
[Date "2017.02.01"]
[Round "4"]
[White "Tadic, Branko"]
[Black "Mithil, Ajgaonkar"]
[Result "1-0"]
[WhiteTitle "GM"]
[WhiteElo "2472"]
[BlackElo "2216"]
[WhiteTeam "Belgrade Sparrows"]
[BlackTeam "Mumbai Movers"]
[WhiteFideId "916412"]
[BlackFideId "5017343"]
[EventDate "2017.01.11"]

1. Nf3 Nf6 2. g3 d5 3. Bg2 c6 4. O-O Bf5 5. c4 e6 6. d3 Be7 7. Qb3 Qb6 8. Qc2
O-O 9. Be3 c5 10. cxd5 Nxd5 11. Bg5 Bxg5 12. Nxg5 Nc6 13. Nd2 Nd4 14. Qd1 Bg4
15. Nc4 Nxe2+ 16. Kh1 Qd8 17. Qd2 Nd4 18. Rae1 h6 19. Ne4 Nf3 20. Bxf3 Bxf3+ 21.
Kg1 b6 22. Ne5 Bxe4 23. dxe4 Nb4 24. Qe2 Qc7 25. f4 Rad8 26. Rd1 Nc6 27. Nc4 Nd4
28. Qh5 Qc6 29. Rde1 Qb5 30. b3 Qa6 31. f5 exf5 32. exf5 Qxa2 33. f6 Qxb3 34.
Ne5 Qd5 35. Qg4 g6 36. Nxg6 Qg5 37. Ne7+ Kh8 38. Qh3 Ne6 39. Re5 Qd2 40. Rh5
Qe3+ 41. Kh1 Qe4+ 42. Kg1 Qe3+ 43. Kh1 Qe4+ 44. Qg2 Qxg2+ 45. Kxg2 Kh7 46. Nf5
Rd2+ 47. Kh1 Kg6 48. Rxh6+ Kg5 49. h3 Nd4 50. g4 Nxf5 51. Rh5+ Kg6 52. Rfxf5
Rfd8 53. Rhg5+ Kh6 54. Rh5+ Kg6 55. Rhg5+ Kh6 56. Rh5+ Kg6 57. Rhg5+ Kh6 58. Rg7
Rd1+ 59. Kg2 R8d2+ 60. Kg3 Rd3+ 61. Kh4 Rd5 62. g5# 1-0

[Event "PRO League Eastern 2017"]
[Site "chess.com INT"]
[Date "2017.02.01"]
[Round "4"]
[White "Tadic, Branko"]
[Black "Vidit, Santosh Gujrathi"]
[Result "1/2-1/2"]
[WhiteTitle "GM"]
[BlackTitle "GM"]
[WhiteElo "2472"]
[BlackElo "2673"]
[WhiteTeam "Belgrade Sparrows"]
[BlackTeam "Mumbai Movers"]
[WhiteFideId "916412"]
[BlackFideId "5029465"]
[EventDate "2017.01.11"]

1. Nf3 c5 2. c4 Nf6 3. g3 d5 4. cxd5 Nxd5 5. Bg2 Nc6 6. Nc3 Nc7 7. O-O e5 8. b3
Be7 9. Bb2 O-O 10. Rc1 f6 11. Ne1 Bd7 12. Nd3 Bf5 13. Ne4 Bxe4 14. Bxe4 Ne6 15.
f4 exf4 16. Nxf4 Nxf4 17. Rxf4 Qd7 18. Qc2 h6 19. Bd3 Bd6 20. Qc4+ Kh8 21. Qe4
f5 22. Rxf5 Rxf5 23. Qxf5 Qxf5 24. Bxf5 Nd4 25. Bg4 Re8 26. e3 Nc6 27. Bd7 Rd8
28. Bxc6 bxc6 29. Kf1 Kg8 30. Ke2 Bf8 31. Rc4 Rd5 32. Ba3 Rh5 33. h4 g5 34. hxg5
Rxg5 35. g4 Kf7 36. Rf4+ Ke8 37. d4 Be7 38. Re4 Kd7 39. Kf3 h5 40. gxh5 Rxh5 41.
dxc5 Bxc5 42. Bxc5 Rxc5 43. Ra4 a5 44. Rc4 Rh5 45. Kg4 Re5 46. Kf4 Rh5 47. e4
Kd6 48. Ra4 Rb5 49. Rd4+ Ke6 50. Rc4 Kd6 51. Ke3 Rh5 52. Ra4 Rg5 53. Kd4 Rh5 54.
Rc4 Rg5 55. Rc2 Rb5 56. e5+ Rxe5 57. Rxc6+ Kxc6 58. Kxe5 a4 59. b4 a3 60. Kd4
Kb5 61. Kc3 Ka4 62. Kc4 1/2-1/2

[Event "PRO League Eastern 2017"]
[Site "chess.com INT"]
[Date "2017.02.01"]
[Round "4"]
[White "Borisek, Jure"]
[Black "Makoto, Rodwell"]
[Result "1/2-1/2"]
[WhiteTitle "GM"]
[BlackTitle "IM"]
[WhiteElo "2565"]
[BlackElo "2403"]
[WhiteTeam "Ljubljana Direwolves"]
[BlackTeam "Johannesburg Koeksisters"]
[WhiteFideId "14603152"]
[BlackFideId "11000120"]
[EventDate "2017.01.11"]

1. e4 e5 2. Nf3 Nc6 3. Bb5 a6 4. Ba4 Nf6 5. O-O b5 6. Bb3 Bc5 7. Nc3 d6 8. Nd5
Bg4 9. c3 h6 10. Nxf6+ Qxf6 11. Bd5 Bd7 12. d4 Bb6 13. Be3 Rb8 14. a4 exd4 15.
cxd4 O-O 16. Bxc6 Bxc6 17. a5 Ba7 18. d5 Bxe3 19. fxe3 Bd7 20. Qd4 Qe7 21. Rac1
Rbc8 22. Rc3 c5 23. dxc6 Rxc6 24. e5 Rxc3 25. bxc3 dxe5 26. Nxe5 Be6 27. Nc6 Qg5
28. Rf3 f6 29. Rg3 Qh5 30. Ne7+ Kf7 31. Ng6 Ra8 32. Qd6 Qd5 33. Qe7+ Kg8 34. h3
Bf7 35. Nf4 Qe5 36. Qb7 Rd8 37. Kh2 g5 38. Qxa6 Kf8 39. Ne2 h5 40. Kg1 Rd2 41.
Qc8+ Be8 42. Kf2 Rxe2+ 43. Kxe2 Qxg3 44. Qa8 Qd6 45. a6 Qc6 46. Qb7 Bd7 47. Kf2
Ke7 48. Kg1 g4 49. hxg4 hxg4 50. Kf2 Ke6 51. Kg3 Qd6+ 52. Kxg4 f5+ 53. Kh3 Qc6
54. Kh2 Kd5 55. Kg3 Kc4 56. Qa7 Kb3 57. Qd4 Qc7+ 58. Kf2 Bc6 59. Qb4+ Kc2 60. c4
Qb6 61. cxb5 Bxb5 62. a7 f4 63. Qe4+ Kd2 64. a8=Q fxe3+ 65. Kg3 Qd6+ 66. Qf4
Qg6+ 67. Kh4 Qh7+ 68. Kg3 Qg6+ 69. Qg4 Qd6+ 70. Kh4 Qh6+ 71. Kg3 Qd6+ 72. Kh4
Qh6+ 73. Kg3 Qd6+ 74. Qf4 Qg6+ 75. Qg4 Qd6+ 76. Qf4 1/2-1/2

[Event "PRO League Eastern 2017"]
[Site "chess.com INT"]
[Date "2017.02.01"]
[Round "4"]
[White "Pavasovic, Dusko"]
[Black "Pon, Matt"]
[Result "1-0"]
[WhiteTitle "GM"]
[BlackTitle "FM"]
[WhiteElo "2548"]
[BlackElo "2165"]
[WhiteTeam "Ljubljana Direwolves"]
[BlackTeam "Johannesburg Koeksisters"]
[WhiteFideId "14600986"]
[BlackFideId "14301644"]
[EventDate "2017.01.11"]

1. e4 e6 2. d4 d5 3. Nd2 Nf6 4. e5 Nfd7 5. Bd3 c5 6. c3 Nc6 7. Ngf3 Be7 8. O-O
g5 9. dxc5 g4 10. Nd4 Ndxe5 11. Bb5 Bd7 12. N2b3 h5 13. Re1 Ng6 14. Qc2 Rg8 15.
Be3 a6 16. Bd3 Nce5 17. Rad1 Qc7 18. Bxg6 Nxg6 19. c4 dxc4 20. Qxc4 e5 21. Ne2
Be6 22. Qa4+ Bd7 23. Qa5 Qc6 24. Qd2 Nh4 25. Qd5 Qxd5 26. Rxd5 Bc6 27. Nc3 Bxd5
28. Nxd5 Rd8 29. Rd1 f5 30. Na5 f4 31. Nxb7 fxe3 32. fxe3 Nf5 33. b4 Kf7 34. e4
Nd4 35. Rf1+ Ke6 36. Nxd8+ Rxd8 37. a3 Rf8 38. Rd1 a5 39. Rb1 axb4 40. axb4 h4
41. Nc7+ Kd7 42. Nd5 g3 43. Ra1 Ne2+ 44. Kh1 Bd8 45. b5 Nd4 46. c6+ Nxc6 47.
bxc6+ Kxc6 48. Rc1+ Kd7 49. Kg1 Bg5 50. Rd1 Kc6 51. hxg3 h3 52. gxh3 Rf3 53. Kg2
Rf8 54. Rf1 Ra8 55. Rf2 Kd6 56. h4 Bh6 57. Rf6+ Kc5 58. Rxh6 Kd4 59. Nf6 Rf8 60.
Rg6 Ke3 61. h5 Rh8 62. h6 1-0

[Event "PRO League Eastern 2017"]
[Site "chess.com INT"]
[Date "2017.02.01"]
[Round "4"]
[White "Arsovic, Goran"]
[Black "Vidit, Santosh Gujrathi"]
[Result "1/2-1/2"]
[WhiteTitle "IM"]
[BlackTitle "GM"]
[WhiteElo "2401"]
[BlackElo "2673"]
[WhiteTeam "Belgrade Sparrows"]
[BlackTeam "Mumbai Movers"]
[WhiteFideId "901792"]
[BlackFideId "5029465"]
[EventDate "2017.01.11"]

1. d4 Nf6 2. Nf3 g6 3. c4 Bg7 4. g3 O-O 5. Bg2 d6 6. O-O Nc6 7. Nc3 Bf5 8. Be3
Ne4 9. Nxe4 Bxe4 10. d5 Nb4 11. Bh3 c5 12. Qd2 Bxf3 13. exf3 Rb8 14. a4 a6 15.
Rfe1 b5 16. axb5 axb5 17. cxb5 Rxb5 18. Bg5 Bf6 19. Bxf6 exf6 20. Ra7 Ra5 21.
Rxa5 Qxa5 22. Re7 Nc6 23. Qxa5 Nxa5 24. Rd7 Nc4 25. Bf1 Nxb2 26. Rxd6 c4 27. Rc6
Rd8 28. Bxc4 Nxc4 29. Rxc4 Rxd5 30. Kg2 h5 31. h4 Kg7 32. Rb4 Rc5 33. Ra4 Rb5
34. Rc4 Ra5 35. Rd4 Rb5 36. Rc4 Rd5 37. Rb4 Rc5 38. Ra4 Rb5 39. Rc4 Rd5 40. Re4
Rc5 41. Rb4 Rd5 42. Ra4 g5 43. Rb4 Kg6 44. Ra4 Rc5 45. Rb4 Rd5 46. Ra4 Rc5 47.
Rb4 Rd5 48. Ra4 Rc5 49. Rb4 1/2-1/2

[Event "PRO League Eastern 2017"]
[Site "chess.com INT"]
[Date "2017.02.01"]
[Round "4"]
[White "Oberholzer, Francois"]
[Black "Jeran, Bostjan"]
[Result "1/2-1/2"]
[WhiteTitle "FM"]
[WhiteElo "2034"]
[BlackElo "2236"]
[WhiteTeam "Johannesburg Koeksisters"]
[BlackTeam "Ljubljana Direwolves"]
[WhiteFideId "14302250"]
[BlackFideId "14604612"]
[EventDate "2017.01.11"]

1. e4 e5 2. Nf3 Nf6 3. Nxe5 d6 4. Nf3 Nxe4 5. Nc3 Nxc3 6. dxc3 Be7 7. Be3 Nc6 8.
Qd2 O-O 9. O-O-O Ne5 10. Bd4 Nc6 11. Be3 Ne5 12. Bd4 Nxf3 13. gxf3 c5 14. Be3
Be6 15. a3 Kh8 16. Bd3 d5 17. Rdg1 Rg8 18. h4 Rc8 19. Bh6 f5 20. Bg5 c4 21. Re1
Bxg5 22. hxg5 cxd3 23. Rxe6 Rc6 24. g6 Re8 25. Rxh7+ Kg8 26. Rxc6 bxc6 27. cxd3
Qf6 28. Rh3 f4 29. Qd1 Qxg6 30. Qh1 Re2 31. Rh8+ Kf7 32. Qh2 Qf5 33. Rh5 Qxd3
34. Qxf4+ Ke6 35. Qg4+ Kd6 36. Qf4+ Ke6 37. Qg4+ Kd6 38. Qf4+ Ke6 39. Qg4+ Kd6
40. Qf4+ Kd7 41. Qg4+ Kd6 42. Qf4+ Ke6 43. Qg4+ Kd6 1/2-1/2

[Event "PRO League Eastern 2017"]
[Site "chess.com INT"]
[Date "2017.02.01"]
[Round "4"]
[White "Oberholzer, Francois"]
[Black "Lenic, Luka"]
[Result "0-1"]
[WhiteTitle "FM"]
[BlackTitle "GM"]
[WhiteElo "2034"]
[BlackElo "2641"]
[WhiteTeam "Johannesburg Koeksisters"]
[BlackTeam "Ljubljana Direwolves"]
[WhiteFideId "14302250"]
[BlackFideId "14603853"]
[EventDate "2017.01.11"]

1. e4 e5 2. Nf3 Nc6 3. Bb5 a6 4. Ba4 Nf6 5. d3 b5 6. Bb3 Be7 7. O-O Bb7 8. c3
O-O 9. Nbd2 Re8 10. Re1 Bf8 11. Nf1 h6 12. Ng3 d5 13. exd5 Nxd5 14. d4 Na5 15.
Nxe5 Nxb3 16. axb3 c5 17. c4 Nb6 18. Be3 Qc7 19. Qg4 bxc4 20. Nf5 Kh7 21. dxc5
Rxe5 22. cxb6 Qc8 23. Nxh6 gxh6 24. Qxc4 Qf5 25. Bd4 Qg6 26. Qf1 Bxg2 27. Bxe5
Bxf1+ 28. Kxf1 Qxb6 29. Re3 Rc8 30. Rae1 Qb5+ 31. Kg1 Bg7 32. Bxg7 Kxg7 33. Rg3+
Kf8 34. Rd1 Rc6 35. Rd8+ Ke7 36. Rdd3 Rg6 37. Re3+ Kf6 38. Rf3+ Kg7 39. Rc3 Qe2
40. Re3 Qxb2 41. Rf3 Qc2 42. Re3 Qc6 43. Rd3 Qe4 44. Re3 Qd4 45. Kg2 Qd5+ 46.
Kg1 a5 47. Rc3 Qe4 48. Re3 Qd4 49. Kg2 Qd5+ 50. Kg1 h5 51. Rc3 Qe4 52. Re3 Qd4
53. Kg2 Qd5+ 54. Kg1 Kh6 55. Rc3 Qe4 56. Re3 Qd4 57. Kg2 Qd5+ 58. Kg1 Rc6 59.
Ref3 Rc1+ 60. Kg2 Rc3 61. h4 Rxb3 62. Rh3 a4 0-1

[Event "PRO League Eastern 2017"]
[Site "chess.com INT"]
[Date "2017.02.01"]
[Round "4"]
[White "Reimanis, Ritvars"]
[Black "Bommini, Mounika Akshaya"]
[Result "1-0"]
[BlackTitle "WFM"]
[WhiteElo "2264"]
[BlackElo "1700"]
[WhiteTeam "Riga Magicians"]
[BlackTeam "Amaravati Yodhas"]
[WhiteFideId "11602988"]
[BlackFideId "25019872"]
[EventDate "2017.01.11"]

1. d4 Nf6 2. c4 g6 3. f3 d5 4. cxd5 Nxd5 5. e4 Nb6 6. Nc3 Bg7 7. Be3 O-O 8. Qd2
e5 9. d5 f5 10. O-O-O f4 11. Bf2 c6 12. Kb1 cxd5 13. Nxd5 Nxd5 14. Bc4 Kh8 15.
Bxd5 Nc6 16. Bc5 Re8 17. Bxc6 Qxd2 18. Rxd2 bxc6 19. Ne2 Ba6 20. Rhd1 Bf6 21.
Nc3 Red8 22. Rd6 Rxd6 23. Rxd6 Bg7 24. Kc2 Bf1 25. Kd2 Bxg2 26. Ke2 Rc8 27. Bxa7
Bh3 28. Bb6 g5 29. a4 Bf8 30. Rd8 Rxd8 31. Bxd8 g4 32. Bc7 Bg7 33. a5 gxf3+ 34.
Kxf3 Bc8 35. Na4 Kg8 36. Nc5 Bf8 37. Nd3 Bb7 38. Nxe5 Bb4 39. Nd3 Bd2 40. Nc5
Ba8 41. a6 Kf7 42. Bxf4 Bb4 43. Bd6 Ke8 44. e5 Kd8 45. Ne6+ 1-0

[Event "PRO League Eastern 2017"]
[Site "chess.com INT"]
[Date "2017.02.01"]
[Round "4"]
[White "Dudukin, Ilya"]
[Black "Kaasen, Tor Fredrik"]
[Result "0-1"]
[WhiteTitle "FM"]
[BlackTitle "FM"]
[WhiteElo "2396"]
[BlackElo "2468"]
[WhiteTeam "Gorky Stormbringers"]
[BlackTeam "Norway Gnomes"]
[WhiteFideId "4148576"]
[BlackFideId "1516647"]
[EventDate "2017.01.11"]

1. Nf3 Nf6 2. c4 g6 3. Nc3 Bg7 4. e4 d6 5. d4 O-O 6. Be2 e5 7. dxe5 dxe5 8. Qxd8
Rxd8 9. Bg5 Re8 10. Nd5 Nxd5 11. cxd5 c6 12. Bc4 cxd5 13. Bxd5 Nd7 14. O-O-O Nb6
15. Bb3 Be6 16. Bxe6 Rxe6 17. Kb1 f5 18. Be3 Nc4 19. Rd7 Nxe3 20. fxe3 Bh6 21.
exf5 gxf5 22. Rc1 Bxe3 23. Rcc7 Bh6 24. Ng5 Rg6 25. Nf7 Re8 26. h4 e4 27. h5 Rf6
28. Nd6 Rxd6 29. Rxd6 Bf4 30. Rcd7 Bxd6 31. Rxd6 e3 32. Rd1 e2 33. Re1 Kf7 34.
Kc2 Kf6 35. Kd2 Kg5 36. Rxe2 Rxe2+ 37. Kxe2 Kxh5 38. Kf3 Kg5 39. Kg3 h5 40. b4
f4+ 41. Kf3 Kf5 42. a4 Ke5 43. b5 b6 44. Kf2 Kf5 45. Kf3 Kg5 46. Kf2 Kg4 47. Kg1
Kg3 48. Kh1 h4 49. Kg1 f3 50. Kf1 fxg2+ 51. Kg1 h3 52. a5 h2# 0-1

[Event "PRO League Eastern 2017"]
[Site "chess.com INT"]
[Date "2017.02.01"]
[Round "4"]
[White "Meskovs, Nikita"]
[Black "Chakravarthy, Y V K"]
[Result "1-0"]
[WhiteTitle "IM"]
[WhiteElo "2490"]
[BlackElo "2047"]
[WhiteTeam "Riga Magicians"]
[BlackTeam "Amaravati Yodhas"]
[WhiteFideId "11602740"]
[BlackFideId "5029546"]
[EventDate "2017.01.11"]

1. c4 c6 2. Nf3 d5 3. e3 Nf6 4. Nc3 a6 5. b3 Bg4 6. Be2 e6 7. h3 Bh5 8. Bb2 Bd6
9. Qc2 Qe7 10. d3 h6 11. O-O O-O 12. Rac1 Nbd7 13. Rfd1 Ba3 14. Bxa3 Qxa3 15. d4
Bg6 16. Bd3 Bxd3 17. Qxd3 Qd6 18. e4 dxe4 19. Nxe4 Nxe4 20. Qxe4 Nf6 21. Qe3
Rfd8 22. Rd2 Qa3 23. Rcd1 Rd6 24. Ne5 Rad8 25. g4 Qa5 26. Nf3 R8d7 27. Kh2 Qc7
28. Qe5 Rd8 29. Kg2 Qd7 30. Rd3 Qe7 31. Qe3 R6d7 32. Ne5 Rd6 33. Qf4 Qc7 34. h4
c5 35. dxc5 Rxd3 36. Rxd3 Rxd3 37. Nxd3 Qxf4 38. Nxf4 Nxg4 39. Nd3 Kf8 40. Kf3
Nf6 41. Ne5 Ke7 42. c6 bxc6 43. c5 Nd7 44. Nxc6+ Kf6 45. b4 Ne5+ 46. Nxe5 Kxe5
47. a4 Kd5 48. a5 h5 49. Ke3 f6 50. f4 Kc6 51. Ke4 g6 52. Kd4 Kb5 53. Kd3 Kc6
54. Kc4 Kd7 55. b5 axb5+ 56. Kxb5 g5 57. a6 Kc7 58. a7 Kb7 59. a8=Q+ Kxa8 60.
fxg5 fxg5 61. hxg5 h4 62. g6 h3 63. g7 h2 64. Kb6 1-0

[Event "PRO League Eastern 2017"]
[Site "chess.com INT"]
[Date "2017.02.01"]
[Round "4"]
[White "Admiraal, Miguoel"]
[Black "Swayams, Mishra"]
[Result "1-0"]
[WhiteTitle "IM"]
[BlackTitle "IM"]
[WhiteElo "2441"]
[BlackElo "2491"]
[WhiteTeam "Amsterdam Mosquitos"]
[BlackTeam "Odisha Express"]
[WhiteFideId "1019716"]
[BlackFideId "5028183"]
[EventDate "2017.01.11"]

1. e4 e6 2. d4 d5 3. Nd2 Be7 4. e5 c5 5. c3 Nc6 6. Bd3 Qb6 7. Ndf3 f6 8. Ne2
fxe5 9. dxe5 Bd7 10. O-O O-O-O 11. b4 cxb4 12. cxb4 Nxb4 13. Rb1 Qc7 14. Ned4
Nxd3 15. Qxd3 Qc4 16. Qe3 Kb8 17. Ba3 Qa4 18. Rb3 Rc8 19. Rfb1 b6 20. Nd2 Qa6
21. Nxe6 Bxe6 22. Rxb6+ axb6 23. Rxb6+ Qb7 24. Qb3 Rc7 25. Bd6 Bxd6 26. exd6 Rd7
27. Qe3 Nf6 28. Nb3 Qxb6 29. Qxb6+ Rb7 30. Qa6 d4 31. d7 Bxb3 32. Qd6+ Ka7 33.
Qxd4+ Ka6 34. Qd3+ Ka7 35. d8=Q Rxd8 36. Qxd8 Bd5 37. Qa5+ Kb8 38. Qd8+ Ka7 39.
h3 Rd7 40. Qa5+ Kb8 41. Qb6+ Ka8 42. a4 h5 43. a5 Rb7 44. Qc5 Rb1+ 45. Kh2 Kb7
46. Qe7+ Ka6 47. Qxg7 Ne4 48. f3 Nd2 49. Qh6+ Kb5 50. Qxd2 Bc4 51. Qg5+ Ka4 52.
a6 Rb5 53. Qf4 Kb3 54. a7 Ra5 55. Qe3+ Kc2 56. Qe4+ Bd3 57. Qb4 Ra1 58. Qb8 h4
59. a8=Q Rxa8 60. Qxa8 Kd2 61. Qd8 1-0

[Event "PRO League Eastern 2017"]
[Site "chess.com INT"]
[Date "2017.02.01"]
[Round "4"]
[White "Kulkarni, Vikramaditya"]
[Black "Colovic, Aleksandar"]
[Result "1/2-1/2"]
[WhiteTitle "IM"]
[BlackTitle "GM"]
[WhiteElo "2285"]
[BlackElo "2443"]
[WhiteTeam "Mumbai Movers"]
[BlackTeam "Belgrade Sparrows"]
[WhiteFideId "5009847"]
[BlackFideId "15000729"]
[EventDate "2017.01.11"]

1. Nf3 Nf6 2. g3 b6 3. Bg2 Bb7 4. O-O g6 5. d4 Bg7 6. c4 e6 7. Nc3 Ne4 8. Nxe4
Bxe4 9. Bh3 O-O 10. d5 Bxf3 11. exf3 a5 12. Qc2 Na6 13. Be3 Qf6 14. b3 Qxf3 15.
Bg2 Qf5 16. Be4 Qh5 17. dxe6 dxe6 18. Bxa8 Bxa1 19. Bb7 Nb4 20. Qd2 Bf6 21. a3
Rd8 22. Qc1 Nd3 23. Qd1 Qe5 24. Qf3 Kg7 25. Rd1 Nc5 26. Rxd8 Bxd8 27. Qd1 Bf6
28. Bc6 Qd6 29. Qxd6 cxd6 30. b4 axb4 31. axb4 Nd3 32. b5 Nc5 33. Bxc5 dxc5 34.
f4 g5 35. Kg2 g4 36. h3 h5 37. Be4 Bd4 38. f5 Kf6 39. fxe6 Kxe6 40. Bd5+ Kf6 41.
Bc6 Kg5 42. Be8 gxh3+ 43. Kxh3 f5 44. Kg2 Kg4 45. Bc6 Be5 46. Bf3+ Kg5 47. Be2
Bd6 48. Bf3 f4 49. gxf4+ Bxf4 50. Bd5 h4 51. Kh3 Bg3 52. Be6 Kf4 53. Bd5 Ke5 54.
Bg8 Kd4 55. Bd5 Bf2 56. Bg8 Kc3 1/2-1/2

[Event "PRO League Eastern 2017"]
[Site "chess.com INT"]
[Date "2017.02.01"]
[Round "4"]
[White "Kim, Kristina"]
[Black "Aradhya, Garg"]
[Result "0-1"]
[WhiteElo "1875"]
[BlackElo "2230"]
[WhiteTeam "Shymkent Nomads"]
[BlackTeam "Delhi Dynamite"]
[WhiteFideId "13712438"]
[BlackFideId "25006746"]
[EventDate "2017.01.11"]

1. c4 e6 2. Nf3 Nf6 3. g3 d5 4. Bg2 Be7 5. O-O O-O 6. d4 dxc4 7. Ne5 Nc6 8. Bxc6
bxc6 9. Nxc4 Qd5 10. b3 c5 11. dxc5 Qc6 12. b4 Qe4 13. Nbd2 Qg4 14. e4 Qh3 15.
f3 h5 16. Rf2 Ba6 17. Bb2 Rab8 18. a3 Rfd8 19. Qa4 Bb5 20. Qxa7 Rdc8 21. Be5 Ra8
22. Qb7 Rab8 23. Qa7 Ra8 24. Qb7 Rab8 25. Qxb8 Rxb8 26. Bxc7 Rc8 27. Bd6 Bd8 28.
a4 Bxc4 29. Nxc4 h4 30. a5 hxg3 31. hxg3 e5 32. Bxe5 Nd7 33. Bd6 Qe6 34. Ne3 Ne5
35. Nd5 Nd3 36. Rd2 Ne5 37. Rf2 Nc4 38. Bf4 f5 39. Re1 fxe4 40. fxe4 Ne5 41.
Ref1 Nd3 42. Rf3 Qxe4 43. Nc3 Qd4+ 44. Be3 Qxc3 45. Rf8+ Kh7 46. a6 Nxb4 47. Bf4
Qxc5+ 48. Kg2 Qxf8 49. Rb1 Nxa6 0-1

[Event "PRO League Eastern 2017"]
[Site "chess.com INT"]
[Date "2017.02.01"]
[Round "4"]
[White "Kim, Kristina"]
[Black "Vaibhav, Suri"]
[Result "0-1"]
[BlackTitle "GM"]
[WhiteElo "1875"]
[BlackElo "2552"]
[WhiteTeam "Shymkent Nomads"]
[BlackTeam "Delhi Dynamite"]
[WhiteFideId "13712438"]
[BlackFideId "5045185"]
[EventDate "2017.01.11"]

1. c4 e6 2. g3 d5 3. Bg2 c6 4. d4 Nf6 5. Nf3 Bb4+ 6. Bd2 Be7 7. c5 b6 8. b4 a5
9. O-O axb4 10. Bxb4 Na6 11. Ba3 bxc5 12. dxc5 O-O 13. Ne5 Qc7 14. Qd4 Nd7 15.
Nxd7 Bxd7 16. f4 Bf6 0-1

[Event "PRO League Eastern 2017"]
[Site "chess.com INT"]
[Date "2017.02.01"]
[Round "4"]
[White "Abhishek, Kelkar"]
[Black "Tadic, Branko"]
[Result "1/2-1/2"]
[WhiteTitle "IM"]
[BlackTitle "GM"]
[WhiteElo "2381"]
[BlackElo "2472"]
[WhiteTeam "Mumbai Movers"]
[BlackTeam "Belgrade Sparrows"]
[WhiteFideId "5019257"]
[BlackFideId "916412"]
[EventDate "2017.01.11"]

1. d4 d5 2. Nf3 e6 3. c4 c5 4. cxd5 exd5 5. g3 Nc6 6. Bg2 Nf6 7. O-O Be7 8. b3
O-O 9. Bb2 Re8 10. Nbd2 Ne4 11. Rc1 Bf6 12. e3 Qa5 13. Nxe4 dxe4 14. Nd2 Qxa2
15. Bc3 Qa6 16. Nxe4 Be7 17. Nxc5 Qb5 18. Re1 Nb4 19. Qe2 Qxe2 20. Rxe2 Bxc5 21.
dxc5 Nd3 22. Rcc2 Nxc5 23. Bxg7 Bg4 24. f3 Nxb3 25. fxg4 Kxg7 26. Bxb7 Rad8 27.
Rc7 a5 28. Rf2 Rf8 29. Rf5 Rd1+ 30. Kg2 Rd2+ 31. Kh3 Rd3 32. Bd5 a4 33. Rcxf7+
Rxf7 34. Rxf7+ Kg6 35. Bxb3 axb3 36. Rb7 Rxe3 37. Kh4 Re2 38. Rb6+ Kf7 39. Rxb3
Rxh2+ 40. Kg5 Rh1 41. Rb7+ Kg8 42. Rb8+ Kg7 43. Rb7+ Kg8 44. Rb8+ Kg7 45. Rb7+
Kg8 46. Rb8+ Kg7 1/2-1/2

[Event "PRO League Eastern 2017"]
[Site "chess.com INT"]
[Date "2017.02.01"]
[Round "4"]
[White "Abhishek, Kelkar"]
[Black "Arsovic, Goran"]
[Result "1-0"]
[WhiteTitle "IM"]
[BlackTitle "IM"]
[WhiteElo "2381"]
[BlackElo "2401"]
[WhiteTeam "Mumbai Movers"]
[BlackTeam "Belgrade Sparrows"]
[WhiteFideId "5019257"]
[BlackFideId "901792"]
[EventDate "2017.01.11"]

1. d4 Nf6 2. Nf3 g6 3. Bf4 Bg7 4. e3 d6 5. h3 O-O 6. Be2 c5 7. c3 Be6 8. O-O Qb6
9. Qc1 Nc6 10. Nbd2 cxd4 11. exd4 Rac8 12. Bh2 Bh6 13. Qb1 Bd5 14. a4 a6 15. Re1
Rfe8 16. Nc4 Qd8 17. Ne3 Be4 18. Qd1 Bxf3 19. Bxf3 d5 20. Ng4 Nxg4 21. Bxg4 e6
22. Qd3 Na5 23. Re2 Nc4 24. Rae1 Rc6 25. Bg3 Qb6 26. b4 a5 27. b5 Rcc8 28. h4
Qd8 29. Bh3 Nd6 30. Bxd6 Qxd6 31. h5 Kg7 32. hxg6 hxg6 33. f4 Bxf4 34. Rf1 f5
35. Qf3 Bh2+ 36. Kh1 Qg3 37. Qxg3 Bxg3 38. Rf3 Bd6 39. g3 b6 40. Rfe3 Kf6 41.
Bg2 Re7 42. Kg1 Rc4 43. Ra2 Rec7 44. Rae2 Re7 45. Ra2 g5 46. Kf2 g4 47. Ra1 Rcc7
48. Rh1 Rh7 49. Rhe1 Rce7 50. Kg1 Rh8 51. Bf1 f4 52. gxf4 Bxf4 53. Rd3 Bh2+ 54.
Kg2 Bf4 55. Kg1 Rh6 56. Bg2 Bh2+ 57. Kf1 Bd6 58. Re2 Kg5 59. Rde3 Rf6+ 60. Ke1
Bf4 61. Rd3 Rh7 62. Kd1 Rh2 63. Kc2 Kg6 64. Kb3 Kf7 65. c4 dxc4+ 66. Kxc4 Rh5
67. d5 e5 68. d6 Rh8 69. d7 Rd8 70. Bc6 Ke7 71. Rg2 g3 72. Kd5 Rd6+ 73. Ke4 Rxd3
74. Kxd3 Kd6 75. Ke4 Kc5 76. Kf5 Kb4 77. Ke6 Kxa4 78. Kd6 Kb4 79. Kc7 Rxd7+ 80.
Bxd7 a4 81. Kxb6 Be3+ 82. Kc6 Ka5 83. Rxg3 1-0